| 000 | 00376nam a22001577a 4500 | ||
|---|---|---|---|
| 003 | SGT | ||
| 020 | _a978-81-317-1836-0 | ||
| 082 |
_a629.892 _bCRA |
||
| 100 | _aCRAIG,JOHN.J | ||
| 245 | _aINTRODUCTION TO ROBOTICS :MECHANICS AND CONTROL | ||
| 250 | _a3RD | ||
| 260 |
_aNOIDA (U.P) _bPEARSON _c2008 |
||
| 300 | _a400 | ||
| 650 | _aMECHANICAL ENGINEERING | ||
| 942 |
_2ddc _cBK _03 |
||
| 999 |
_c14097 _d14097 |
||